000 00392nam a2200169Ia 4500
100 _aMcAnlis/Colt/ Haecky/Aleks
650 _aData compression
942 _cBK
366 _f20
654 _adata compression
245 _aUnderstanding compression:Data compression for modern developers
260 _bSPD
_c2016
082 _bMCA
300 _a217
546 _aENGLISH
999 _c30373
_d30373